|
|
|
|
| LEADER |
01505nam a2200373Ia 4500 |
| 001 |
EBC605993 |
| 003 |
MiAaPQ |
| 005 |
20200520144314.0 |
| 006 |
m o d | |
| 007 |
cr cn||||||||| |
| 008 |
100513s2010 nyua s 000 0 eng d |
| 010 |
|
|
|z 2010019661
|
| 020 |
|
|
|z 9783598251818
|
| 035 |
|
|
|a (MiAaPQ)EBC605993
|
| 035 |
|
|
|a (Au-PeEL)EBL605993
|
| 035 |
|
|
|a (CaPaEBR)ebr10424406
|
| 035 |
|
|
|a (CaONFJC)MIL288530
|
| 035 |
|
|
|a (OCoLC)682627457
|
| 040 |
|
|
|a MiAaPQ
|c MiAaPQ
|d MiAaPQ
|
| 050 |
|
4 |
|a HD30.2
|b .N498 2010
|
| 082 |
0 |
4 |
|a 303.48/3309597
|2 22
|
| 100 |
1 |
|
|a Nguyen, Thanh Tuyen.
|
| 245 |
1 |
0 |
|a Knowledge economy and sustainable economic development
|h [electronic resource] :
|b a critical review /
|c Thanh Tuyen Nguyen.
|
| 260 |
|
|
|a New York :
|b De Gruyter Saur,
|c c2010.
|
| 300 |
|
|
|a xvi, 375 p. :
|b fig., tab.
|
| 490 |
1 |
|
|a Knowledge & information. Studies in information science
|
| 533 |
|
|
|a Electronic reproduction. Ann Arbor, MI : ProQuest, 2015. Available via World Wide Web. Access may be limited to ProQuest affiliated libraries.
|
| 650 |
|
0 |
|a Knowledge management
|x Economic aspects
|z Vietnam.
|
| 650 |
|
0 |
|a Information technology
|x Economic aspects
|z Vietnam.
|
| 650 |
|
0 |
|a Sustainable development
|x Technological innovations
|z Vietnam.
|
| 655 |
|
4 |
|a Electronic books.
|
| 710 |
2 |
|
|a ProQuest (Firm)
|
| 830 |
|
0 |
|a Knowledge & information.
|p Studies in information science.
|
| 856 |
4 |
0 |
|u https://ebookcentral.proquest.com/lib/matrademy/detail.action?docID=605993
|z Click to View
|